[Event "SV Erkenschwick 1 - SK Münster 2"]
[Site "NRW-Klasse, Gruppe 2 2010/201"]
[Date "2011.01.09"]
[Round "5.7"]
[White "Kaufhold, Thomas"]
[Black "Eggenstein, Frank"]
[Result "1-0"]
[WhiteElo "1986"]
[BlackElo "2022"]
[PlyCount "43"]
[EventDate "2011.??.??"]

1. d4 f5 2. Nc3 d5 3. Bg5 c6 4. e3 g6 5. h4 h6 6. Bf4 Nd7 7. g4 e6 8. Nf3 Ngf6
9. Ne5 Nxe5 10. Bxe5 Rg8 11. g5 Nd7 12. Bf4 h5 13. Be2 Rh8 14. Qd2 Qe7 15. f3
Bg7 16. e4 e5 17. dxe5 Nxe5 18. O-O-O fxe4 19. fxe4 Be6 20. exd5 O-O-O 21. d6
Bf5 22. dxe7 1-0

[Event "SV Erkenschwick 1 - SK Münster 2"]
[Site "NRW-Klasse, Gruppe 2 2010/201"]
[Date "2011.01.09"]
[Round "5.8"]
[White "Strozewski, Frank"]
[Black "Gottkehaskamp, Philipp"]
[Result "1-0"]
[WhiteElo "1969"]
[BlackElo "1897"]
[PlyCount "107"]
[EventDate "2011.??.??"]

1. c4 Nf6 2. d4 g6 3. Nc3 Bg7 4. e4 O-O 5. Be2 d6 6. g4 e5 7. d5 Na6 8. g5 Nd7
9. h4 Ndc5 10. h5 f5 11. gxf6 Qxf6 12. Be3 g5 13. h6 Bxh6 14. Qd2 Bg7 15. Nf3
h6 16. O-O-O Bg4 17. Nh2 Bxe2 18. Qxe2 Qg6 19. f3 Nd7 20. Rdg1 Nf6 21. Qd2 Nh7
22. Ne2 Rac8 23. Ng3 c6 24. Nf5 Rxf5 25. exf5 Qf7 26. Kb1 Qxf5+ 27. Ka1 Qf7 28.
Ng4 Qg6 29. Nf2 Rf8 30. Rh3 cxd5 31. Qxd5+ Rf7 32. Ne4 Nb4 33. Qd1 Qe6 34. Rh2
Qxc4 35. b3 Qa6 36. Qxd6 Qxd6 37. Nxd6 Rxf3 38. Bxa7 Nc6 39. Bb6 Nd4 40. Bxd4
exd4 41. Nxb7 d3+ 42. Kb1 Bc3 43. Rc1 d2 44. Rd1 g4 45. Rxh6 g3 46. Nd6 Kg7 47.
Rh3 Ng5 48. Rxg3 Rxg3 49. Nf5+ Kg6 50. Nxg3 Bb4 51. Kb2 Nf3 52. a3 Bd6 53. Ne4
Bf4 54. Kc3 1-0

[Event "Bielefelder SK 1 - Mettmann-Sport 1"]
[Site "NRW-Klasse, Gruppe 2 2010/201"]
[Date "2011.01.09"]
[Round "5.1"]
[White "Griebl, Joern"]
[Black "Gruen, Gerd-Peter"]
[Result "1/2-1/2"]
[WhiteElo "2262"]
[BlackElo "2327"]
[PlyCount "116"]
[EventDate "2011.??.??"]

1. d4 Nf6 2. c4 e6 3. Nc3 Bb4 4. Nf3 c5 5. g3 b6 6. Bg2 Bb7 7. dxc5 Bxc5 8. O-O
O-O 9. Bf4 Be7 10. Nb5 Na6 11. Bd6 Nc5 12. Qd4 a6 13. Bc7 Qc8 14. Bd6 Bxd6 15.
Nxd6 Qc7 16. Nxb7 Nxb7 17. e4 d6 18. e5 dxe5 19. Nxe5 Rad8 20. Qe3 Nd6 21. Rfd1
Nxc4 22. Nxc4 Rxd1+ 23. Rxd1 Qxc4 24. Qxb6 Qxa2 25. b4 h6 26. Bb7 Qe2 27. Ra1
Qb5 28. Qxb5 axb5 29. Bc6 Rb8 30. Ra5 g5 31. Kg2 Kf8 32. Kf3 Rb6 33. Ra8+ Ke7
34. Ra7+ Kd6 35. Rxf7 Ke5 36. Rc7 Kd4 37. Bb7 g4+ 38. Kf4 Ne8 39. Re7 Nd6 40.
Rxe6 Rxb7 41. Rxd6+ Kc4 42. Kxg4 Kxb4 43. f4 Kc3 44. f5 b4 45. Rd1 b3 46. f6 b2
47. Kh5 Rd7 48. Rb1 Rd2 49. h4 Rf2 50. Kxh6 Rxf6+ 51. Kg5 Rf2 52. h5 Kc2 53.
Rg1 b1=Q 54. Rxb1 Kxb1 55. h6 Kc2 56. h7 Rh2 57. Kg6 Kd3 58. Kg7 Ke4 1/2-1/2

[Event "Bielefelder SK 1 - Mettmann-Sport 1"]
[Site "NRW-Klasse, Gruppe 2 2010/201"]
[Date "2011.01.09"]
[Round "5.2"]
[White "Forchert, Martin"]
[Black "Bossy, Arnim"]
[Result "1-0"]
[WhiteElo "2340"]
[BlackElo "2158"]
[PlyCount "77"]
[EventDate "2011.??.??"]

1. e4 g6 2. d4 Bg7 3. Nc3 d6 4. Nge2 Nd7 5. g3 c5 6. Be3 b6 7. Bg2 Rb8 8. O-O
Ngf6 9. h3 O-O 10. Qd2 Re8 11. Rad1 cxd4 12. Bxd4 Bb7 13. Nd5 e5 14. Be3 Nxd5
15. exd5 a6 16. c4 Rc8 17. Rc1 Qc7 18. Rc2 Qb8 19. Rfc1 Nc5 20. b4 Nd7 21. Qd3
h6 22. g4 Kh7 23. Ng3 Rf8 24. h4 Nf6 25. Bf3 Rce8 26. g5 Nd7 27. h5 e4 28. Bxe4
Ne5 29. Qd1 hxg5 30. hxg6+ fxg6 31. Qh5+ Kg8 32. Bxg6 Nxg6 33. Qxg6 Rf6 34.
Qxg5 Re5 35. Qh4 Qf8 36. c5 bxc5 37. bxc5 Bxd5 38. cxd6 Rxd6 39. Bf4 1-0

[Event "Bielefelder SK 1 - Mettmann-Sport 1"]
[Site "NRW-Klasse, Gruppe 2 2010/201"]
[Date "2011.01.09"]
[Round "5.3"]
[White "Perschke, Ulrich"]
[Black "Buenermann, Volker"]
[Result "0-1"]
[WhiteElo "2136"]
[BlackElo "2270"]
[PlyCount "110"]
[EventDate "2011.??.??"]

1. c4 g6 2. Nc3 Bg7 3. d4 d6 4. e4 Nf6 5. Nf3 O-O 6. h3 Na6 7. Be2 e5 8. dxe5
dxe5 9. Qxd8 Rxd8 10. Be3 Re8 11. a3 c6 12. O-O Nh5 13. c5 Nf4 14. Bc4 Be6 15.
Bxe6 Nxe6 16. b4 Nd4 17. Rac1 Nc7 18. Nd2 Nce6 19. Nc4 Red8 20. Rfd1 Rd7 21.
Kf1 Rad8 22. Ne2 Nc2 23. Rxd7 Rxd7 24. Nc3 Nxe3+ 25. fxe3 f6 26. Ke2 Bf8 27.
Rd1 Rxd1 28. Nxd1 Kf7 29. Na5 Nd8 30. Kd3 Ke6 31. Kc4 Kd7 32. a4 Kc7 33. Nb3
Ne6 34. Nd2 a5 35. Nb3 axb4 36. a5 Kd7 37. Kxb4 Nc7 38. Kc4 Na6 39. Nc3 Bh6 40.
Nd1 f5 41. exf5 gxf5 42. Nd2 Ke6 43. Nb3 Bg5 44. Nd2 h5 45. Nb3 Nc7 46. Kd3 Nd5
47. g3 Nb4+ 48. Kc3 Nd5+ 49. Kd3 e4+ 50. Ke2 Bf6 51. Nf2 Nc3+ 52. Kd2 Kd5 53.
g4 hxg4 54. hxg4 Kc4 55. Kc2 Bh4 0-1

[Event "Bielefelder SK 1 - Mettmann-Sport 1"]
[Site "NRW-Klasse, Gruppe 2 2010/201"]
[Date "2011.01.09"]
[Round "5.4"]
[White "Goeßling, Guido"]
[Black "Wille, Thomas"]
[Result "1-0"]
[WhiteElo "2188"]
[BlackElo "2106"]
[PlyCount "111"]
[EventDate "2011.??.??"]

1. e4 c6 2. d4 d5 3. Nc3 dxe4 4. Nxe4 Nd7 5. Ng5 Ngf6 6. Bd3 g6 7. N1f3 Bg7 8.
O-O O-O 9. Re1 c5 10. c3 cxd4 11. Nxd4 h6 12. Nxf7 Rxf7 13. Bxg6 Nf8 14. Bxf7+
Kxf7 15. Qe2 a6 16. Bf4 Ng6 17. Bg3 Qa5 18. Ne6 Bxe6 19. Qxe6+ Kf8 20. Rad1 h5
21. h3 h4 22. Bh2 Qg5 23. Rd4 Re8 24. Red1 Qb5 25. Rb4 Qh5 26. Rd3 b5 27. Rbd4
Qc5 28. Rd8 Qg5 29. Rxe8+ Nxe8 30. Rd1 Nf4 31. Bxf4 Qxf4 32. Qxa6 Be5 33. Qc6
Nf6 34. Qf3 Qh2+ 35. Kf1 Bd6 36. Ke2 Qe5+ 37. Qe3 Qh5+ 38. Qf3 Qe5+ 39. Qe3
Qh5+ 40. Qf3 Qe5+ 41. Kf1 Kf7 42. Rd4 Qg5 43. Qe3 Qf5 44. Qd3 Qg5 45. Qd2 Qf5
46. Qd3 Qg5 47. Qe3 Qf5 48. Rd1 Qc2 49. Qe2 Qf5 50. a3 Qf4 51. Qxb5 Qh2 52. Qg5
Bf4 53. Qxh4 e5 54. Rd6 Ne8 55. Qh7+ Kf8 56. Rg6 1-0

[Event "Bielefelder SK 1 - Mettmann-Sport 1"]
[Site "NRW-Klasse, Gruppe 2 2010/201"]
[Date "2011.01.09"]
[Round "5.5"]
[White "Meyer, Mario"]
[Black "Wagenknecht, Uwe"]
[Result "1-0"]
[WhiteElo "2102"]
[BlackElo "2194"]
[PlyCount "119"]
[EventDate "2011.??.??"]

1. f4 d5 2. Nf3 Nf6 3. b3 g6 4. Bb2 Bg7 5. e3 O-O 6. Be2 c5 7. O-O Nc6 8. h3
Ne4 9. Bxg7 Kxg7 10. Qe1 Qd6 11. d3 Qf6 12. c3 Nd6 13. d4 cxd4 14. cxd4 Bf5 15.
Nc3 Qe6 16. Qd2 Rac8 17. g4 Be4 18. Ng5 Qd7 19. Ngxe4 Nxe4 20. Nxe4 dxe4 21. d5
Kg8 22. Rfd1 Nd8 23. Qb4 f5 24. gxf5 gxf5 25. Kh1 Rf6 26. Rg1+ Kf8 27. Rg3 Rg6
28. Rxg6 hxg6 29. Qd4 Nf7 30. Rg1 Qd6 31. h4 Rc2 32. Rg2 Qf6 33. Qxf6 exf6 34.
Bc4 Rxg2 35. Kxg2 Ke7 36. Kf2 Kd6 37. Bb5 Ke7 38. Ke2 Nh6 39. Kd2 Ng4 40. Be2
Kd6 41. Bxg4 fxg4 42. f5 Kxd5 43. fxg6 Ke6 44. h5 f5 45. g7 Kf7 46. h6 Kg8 47.
Ke2 Kh7 48. Kf2 Kg8 49. Kg3 Kf7 50. Kf4 a5 51. a3 b5 52. b4 a4 53. Kg3 Kg8 54.
Kg2 Kf7 55. Kh2 f4 56. exf4 e3 57. Kg3 Kg8 58. f5 Kf7 59. f6 Kg8 60. Kg2 1-0

[Event "Bielefelder SK 1 - Mettmann-Sport 1"]
[Site "NRW-Klasse, Gruppe 2 2010/201"]
[Date "2011.01.09"]
[Round "5.6"]
[White "Simon, Hans Christian"]
[Black "Sponheim, Marko"]
[Result "1-0"]
[WhiteElo "2141"]
[BlackElo "1986"]
[PlyCount "125"]
[EventDate "2011.??.??"]

1. Nf3 c5 2. c4 Nf6 3. Nc3 d5 4. cxd5 Nxd5 5. d4 cxd4 6. Qxd4 Nxc3 7. Qxc3 Nc6
8. e4 e6 9. a3 Bd7 10. Be3 Rc8 11. Rd1 Be7 12. Qd2 e5 13. Bb5 a6 14. Bb6 Rc7
15. Bc4 Bg4 16. Qxd8+ Bxd8 17. Bxc7 Bxc7 18. Rc1 Bd7 19. O-O Ke7 20. Rfd1 Rd8
21. Bd5 f6 22. Nd2 Bb6 23. Nb3 Ba7 24. Kf1 Rc8 25. Nc5 Bxc5 26. Rxc5 Rb8 27.
Bxc6 Bxc6 28. f3 Rc8 29. Kf2 Rc7 30. b4 Rd7 31. Rxd7+ Kxd7 32. Ke3 Kd6 33. Rc1
Kd7 34. h4 Ba4 35. Rc3 Bb5 36. f4 Bc6 37. Rc1 Kd6 38. Rd1+ Ke7 39. Rf1 Bb5 40.
Rf2 Bd7 41. Rc2 Bc6 42. Rc1 Kd7 43. fxe5 fxe5 44. Rf1 Ke7 45. Rf5 Ke6 46. Rf8
h5 47. Rc8 Ke7 48. Rc7+ Kf6 49. Kd3 Bb5+ 50. Kc3 Bf1 51. g3 Bg2 52. Kd3 Bf1+
53. Ke3 Bb5 54. Rxb7 Bc4 55. Rb6+ Ke7 56. Rg6 Kf7 57. Rg5 g6 58. Rxe5 Kf6 59.
Rc5 Bb5 60. Kf4 Ba4 61. e5+ Ke6 62. Kg5 Be8 63. Ra5 1-0

[Event "Bielefelder SK 1 - Mettmann-Sport 1"]
[Site "NRW-Klasse, Gruppe 2 2010/201"]
[Date "2011.01.09"]
[Round "5.7"]
[White "Schatzschneider, Karl Immo"]
[Black "Forchert, Niko"]
[Result "1/2-1/2"]
[WhiteElo "2035"]
[BlackElo "2171"]
[Annotator "Hausrath, Daniel"]
[PlyCount "86"]
[EventDate "2011.??.??"]

1. e4 d5 2. exd5 Qxd5 3. Nc3 Qd6 4. d4 c6 5. g3 Nf6 6. Bg2 Bf5 7. Nge2 e6 8.
Bf4 Qd8 9. Qd2 Nbd7 10. h3 Nb6 $11 11. a3 Be7 12. O-O Qd7 13. Nd1 Nfd5 14. Ne3
Nxe3 15. Bxe3 O-O 16. b3 Rfd8 17. Qc1 Bf6 18. c3 h6 19. Kh2 Nd5 20. Bd2 e5 21.
dxe5 Bxe5 22. Ra2 Bd3 23. Re1 Qf5 24. Kg1 Nf6 25. Bf4 Re8 26. Be3 Be4 27. Nd4
Qg6 28. Nf3 Bxf3 29. Bxf3 Qd3 30. Rc2 Qf5 31. Bg2 Bd6 32. Rd2 Bc5 33. Bxc5
Rxe1+ 34. Qxe1 Qxc5 35. b4 Qc4 36. Rd4 Qb3 37. Qc1 a5 38. Kh2 axb4 39. axb4 Nd5
40. Bxd5 cxd5 41. Qe3 Rc8 42. Rd3 Qc4 43. Qf3 Qe4 1/2-1/2

[Event "Bielefelder SK 1 - Mettmann-Sport 1"]
[Site "NRW-Klasse, Gruppe 2 2010/201"]
[Date "2011.01.09"]
[Round "5.8"]
[White "Gruettemeier, Uwe"]
[Black "Hiltmann, Dirk"]
[Result "1-0"]
[WhiteElo "2078"]
[BlackElo "1888"]
[PlyCount "137"]
[EventDate "2011.??.??"]

1. d4 Nf6 2. Nf3 e6 3. c4 Bb4+ 4. Bd2 c5 5. Bxb4 cxb4 6. g3 b6 7. Nbd2 Bb7 8.
Bg2 O-O 9. O-O d6 10. Qc2 a5 11. Rfd1 Qe7 12. a3 Na6 13. Rac1 Rfc8 14. Qd3 h6
15. Qe3 d5 16. Ne5 Rc7 17. a4 Rac8 18. b3 Nb8 19. Nb1 Qd6 20. Rc2 Na6 21. Rdc1
Nd7 22. Nxd7 Qxd7 23. Nd2 Rd8 24. Qf4 Qd6 25. Qxd6 Rxd6 26. cxd5 Rxc2 27. Rxc2
exd5 28. Nf3 f6 29. Nh4 Kf8 30. Nf5 Rc6 31. Rxc6 Bxc6 32. Nd6 Nc7 33. Kf1 g6
34. Ke1 Bd7 35. e4 Ke7 36. e5 Ne6 37. Bxd5 Nxd4 38. Nc4 fxe5 39. Nxb6 Be6 40.
Be4 Nxb3 41. Bxg6 Nc5 42. Kd2 Kd6 43. f4 exf4 44. gxf4 Kc7 45. f5 Bb3 46. Na8+
Kb7 47. Ke3 Kxa8 48. Kd4 Nd7 49. Be8 Nf8 50. f6 Be6 51. Kc5 b3 52. Kd6 b2 53.
Bc6+ Ka7 54. Be4 Bb3 55. Ke7 Ne6 56. f7 Ba2 57. Bf5 b1=Q 58. Bxb1 Bxb1 59. Kxe6
Ba2+ 60. Kf6 Bxf7 61. Kxf7 Kb6 62. h4 Kc5 63. Kg6 Kb4 64. Kxh6 Kxa4 65. h5 Kb3
66. Kg5 a4 67. h6 a3 68. h7 a2 69. h8=Q 1-0

[Event "SC Klein-Berlin Rheine 1 - SK Herne-Sod"]
[Site "NRW-Klasse, Gruppe 2 2010/201"]
[Date "2011.01.09"]
[Round "5.4"]
[White "Rademakers, Evert"]
[Black "Waldschmidt, Georg"]
[Result "1/2-1/2"]
[WhiteElo "2183"]
[BlackElo "2188"]
[PlyCount "61"]
[EventDate "2011.??.??"]

1. d4 d5 2. Nf3 c5 3. g3 Nf6 4. Bg2 cxd4 5. O-O e6 6. Nxd4 e5 7. Nb3 Be7 8. Bg5
Nbd7 9. a4 O-O 10. Nc3 d4 11. Nb5 h6 12. Bd2 Nc5 13. Nxc5 Bxc5 14. b4 Be7 15.
c3 a6 16. Na3 Nd5 17. cxd4 exd4 18. Nc2 Bf6 19. Rc1 Re8 20. e4 Nb6 21. Ne1 Bd7
22. a5 Na4 23. e5 Bxe5 24. Nd3 Bf6 25. Bxb7 Ra7 26. Bg2 Bb5 27. Re1 Bxd3 28.
Qxa4 Bb5 29. Qb3 Rae7 30. Rxe7 Rxe7 31. Bc6 1/2-1/2

[Event "SC Klein-Berlin Rheine 1 - SK Herne-Sod"]
[Site "NRW-Klasse, Gruppe 2 2010/201"]
[Date "2011.01.09"]
[Round "5.5"]
[White "Becker, Joerg"]
[Black "Lambrechts, Koen"]
[Result "0-1"]
[WhiteElo "2176"]
[BlackElo "2198"]
[PlyCount "84"]
[EventDate "2011.??.??"]

1. d4 e6 2. c4 b6 3. e4 Bb7 4. Nc3 Bb4 5. Qc2 Qh4 6. d5 Nf6 7. Bd3 Na6 8. Nf3
Qg4 9. O-O Bxc3 10. bxc3 Nc5 11. Re1 Qg6 12. Ba3 Nxd3 13. Qxd3 O-O-O 14. Rad1
Nh5 15. Bc1 d6 16. Nd4 e5 17. Nf5 Kb8 18. a4 Qf6 19. a5 g6 20. Ng3 Nf4 21. Bxf4
Qxf4 22. axb6 axb6 23. Re3 Qg5 24. Nf1 f5 25. exf5 gxf5 26. Rg3 Qf6 27. f4 Rhg8
28. Qf3 Ba6 29. Ra1 Bxc4 30. Ne3 Rxg3 31. hxg3 e4 32. Qd1 Qxc3 33. Nxc4 Qxc4
34. Rc1 Qb4 35. Kh2 Rg8 36. Rb1 Qc5 37. Qb3 Rg6 38. g4 Qf2 39. g5 Qxf4+ 40. Kg1
Qxg5 41. Rb2 Qc1+ 42. Kf2 e3+ 0-1

[Event "SC Klein-Berlin Rheine 1 - SK Herne-Sod"]
[Site "NRW-Klasse, Gruppe 2 2010/201"]
[Date "2011.01.09"]
[Round "5.6"]
[White "Buendgen, Achim"]
[Black "Berndt, Joachim"]
[Result "0-1"]
[WhiteElo "2138"]
[BlackElo "2118"]
[PlyCount "126"]
[EventDate "2011.??.??"]

1. d4 f5 2. Nc3 d5 3. Bg5 Nc6 4. e3 a6 5. Qf3 Be6 6. O-O-O Nf6 7. Bxf6 exf6 8.
Bd3 g6 9. a3 Bh6 10. Nge2 Qd6 11. h3 O-O-O 12. g4 Ne7 13. Na4 Kb8 14. Nc5 Bc8
15. Kb1 Ka7 16. Rhe1 b6 17. Nb3 Rhf8 18. Ng3 fxg4 19. hxg4 f5 20. Qh1 Bg5 21.
gxf5 Nxf5 22. Nxf5 Bxf5 23. Bxf5 Rxf5 24. f4 Be7 25. e4 Rxf4 26. exd5 Bh4 27.
Re4 Rxe4 28. Qxe4 Qe7 29. Qg2 Qg5 30. Qh2 Qg3 31. Qh1 g5 32. Ka2 Re8 33. c4 Re2
34. d6 Qxd6 35. Qf3 Qe6 36. d5 g4 37. Qc3 Qe3 38. Qg7 Qe5 39. Qxe5 Rxe5 40. d6
cxd6 41. Rxd6 h5 42. Nd4 Rc5 43. Rd7+ Kb8 44. Kb3 Bf2 45. Ne6 g3 46. Rg7 Rf5
47. c5 bxc5 48. Rg8+ Kb7 49. Rg7+ Kc6 50. Kc4 Kd6 51. Ng5 Rxg5 52. Rxg5 h4 53.
Kd3 h3 54. Ke2 h2 55. Rh5 g2 56. Rxh2 g1=Q 57. Rxf2 Ke5 58. Kf3 Qd1+ 59. Ke3 c4
60. Re2 a5 61. Rd2 Qc1 62. a4 Kf5 63. Ke2 Ke4 0-1

[Event "SC Klein-Berlin Rheine 1 - SK Herne-Sod"]
[Site "NRW-Klasse, Gruppe 2 2010/201"]
[Date "2011.01.09"]
[Round "5.7"]
[White "Kaehmann, Joerg"]
[Black "Henneberger, Sven"]
[Result "0-1"]
[WhiteElo "2170"]
[BlackElo "2066"]
[PlyCount "160"]
[EventDate "2011.??.??"]

1. e4 e6 2. d4 d5 3. Nd2 Nf6 4. e5 Nfd7 5. Bd3 c5 6. c3 Nc6 7. Ngf3 Qb6 8. O-O
cxd4 9. cxd4 Nxd4 10. Nxd4 Qxd4 11. Nf3 Qb6 12. Qe2 h6 13. a3 a5 14. Bb5 a4 15.
Be3 Bc5 16. Bxc5 Qxc5 17. Rac1 Qb6 18. Rfd1 O-O 19. Rxc8 Rfxc8 20. Bxd7 Rc4 21.
Kf1 Ra5 22. Qd3 Rc7 23. Nd2 Qxb2 24. Rb1 Qxe5 25. Be8 Rac5 26. g3 Rc3 27. Qb5
Qd4 28. Qe2 Rxa3 29. Nf3 Qg4 30. Ne5 Qf5 31. Rd1 Rac3 32. Kg2 Rc2 33. Qe3 a3
34. Rd4 f6 35. Ng6 R7c3 36. Ne7+ Kf8 37. Nxf5 Rxe3 38. Nxe3 Rc5 39. Ba4 Ra5 40.
Rb4 a2 41. Nc2 Rc5 42. Bb3 Rxc2 43. Ra4 Rb2 44. Bxa2 b5 45. Ra5 Ke7 46. Kf3 Kd6
47. Ke3 b4 48. Ra6+ Ke5 49. f4+ Kf5 50. Bxd5 exd5 51. Rd6 Rxh2 52. Kf3 Rd2 53.
g4+ Kg6 54. Ke3 Rd1 55. Ke2 Rd4 56. Ke3 Re4+ 57. Kf3 b3 58. Rb6 h5 59. Rxb3
hxg4+ 60. Kxg4 Kf7 61. Kf3 Ke6 62. Rb7 g6 63. Rb5 g5 64. Rb6+ Kf5 65. fxg5 fxg5
66. Rb8 g4+ 67. Kf2 Kf4 68. Rf8+ Ke5 69. Re8+ Kd4 70. Ra8 Kc3 71. Rc8+ Kd2 72.
Rd8 d4 73. Rd7 d3 74. Rg7 Rf4+ 75. Kg3 Ke3 76. Rd7 Rd4 77. Re7+ Re4 78. Rd7 d2
79. Kg2 Rd4 80. Re7+ Kd3 0-1

[Event "SC Klein-Berlin Rheine 1 - SK Herne-Sod"]
[Site "NRW-Klasse, Gruppe 2 2010/201"]
[Date "2011.01.09"]
[Round "5.8"]
[White "Kuempers, Ulrich"]
[Black "Wickenfeld, Stefan"]
[Result "1-0"]
[WhiteElo "2017"]
[BlackElo "1949"]
[PlyCount "93"]
[EventDate "2011.??.??"]

1. d4 f5 2. Nf3 Nf6 3. c4 e6 4. Nc3 d5 5. Bf4 c6 6. e3 Be7 7. Qc2 O-O 8. Bd3
Ne4 9. g4 Nxc3 10. bxc3 dxc4 11. Bxc4 b5 12. Bd3 c5 13. gxf5 exf5 14. Bxb5 Bb7
15. Ke2 Kh8 16. Rab1 Qd5 17. Ne5 cxd4 18. Bc4 d3+ 19. Bxd3 Ba6 20. Bxa6 Nxa6
21. Qb3 Qa5 22. Nf7+ Rxf7 23. Qxf7 Bf6 24. Rhd1 Nc5 25. Qd5 Rc8 26. Qxf5 Qa6+
27. Kf3 Qc6+ 28. e4 Ne6 29. Kg2 Rf8 30. Rb8 Rxb8 31. Bxb8 Qe8 32. Be5 Bh4 33.
Bg3 Bf6 34. e5 Bg5 35. h4 g6 36. Qd3 Be7 37. Qd5 Qf7 38. Qa8+ Kg7 39. Qf3 Qe8
40. h5 Qa4 41. hxg6 hxg6 42. Qb7 Qxd1 43. Qxe7+ Kh8 44. Qxe6 Qd3 45. Qf6+ Kh7
46. e6 Qd5+ 47. Kh2 1-0

[Event "Kölner SK Dr. Lasker 1 - SF Schwerte 1"]
[Site "NRW-Klasse, Gruppe 2 2010/201"]
[Date "2011.01.09"]
[Round "5.1"]
[White "Klug, Wolfgang"]
[Black "Loseries, Uwe"]
[Result "0-1"]
[WhiteElo "1911"]
[BlackElo "2096"]
[Annotator "Hausrath,Daniel"]
[PlyCount "86"]
[EventDate "2011.??.??"]

1. c4 Nf6 2. Nc3 g6 3. g3 Bg7 4. Bg2 O-O 5. Nf3 d6 6. O-O Nbd7 7. d3 e5 8. Bd2
a5 9. a3 Re8 10. Ne1 $11 Nc5 11. b4 axb4 12. axb4 Rxa1 13. Qxa1 Nb3 14. Qa2
Nxd2 15. Qxd2 c6 16. e4 Be6 17. Qa2 b5 18. Qa6 bxc4 19. Qxc6 Qb8 20. Nd5 Bxd5
21. exd5 cxd3 22. Nxd3 e4 23. Nb2 Rc8 24. Qa4 Nxd5 25. Nd1 Nb6 26. Qb3 d5 27.
f3 Nc4 28. Re1 Bd4+ 29. Kh1 e3 30. f4 Nd2 31. Qxd5 Qxb4 32. Qd7 Rf8 33. Bd5 Nb3
34. Re2 Nc1 35. Bxf7+ Rxf7 36. Qc8+ Kg7 37. Qxc1 Ra7 38. Kg2 Qb7+ 39. Kg1 Ra1
40. Qc2 Qb1 41. Qc7+ Kh6 42. Re1 Qxd1 43. Rxd1 e2+ 0-1

[Event "Kölner SK Dr. Lasker 1 - SF Schwerte 1"]
[Site "NRW-Klasse, Gruppe 2 2010/201"]
[Date "2011.01.09"]
[Round "5.4"]
[White "Cramer, Volker"]
[Black "Fleischhauer, Thomas"]
[Result "1-0"]
[WhiteElo "2054"]
[BlackElo "2040"]
[Annotator "Hausrath,Daniel"]
[PlyCount "47"]
[EventDate "2011.??.??"]

1. d4 d5 2. Nf3 e6 3. g3 c5 4. Bg2 Nc6 5. O-O Nf6 6. c4 cxd4 7. Nxd4 Be7 8. Nc3
O-O 9. cxd5 exd5 10. Bf4 Bg4 11. h3 Be6 12. Qa4 Qd7 $11 13. Kh2 Bc5 14. Nb3 Bb6
15. Rad1 h6 16. Nxd5 Bxd5 17. Bxd5 Nxd5 18. e4 Nc3 19. bxc3 Qe6 20. Rd6 Qe7 21.
Rd5 Rfe8 22. f3 Rad8 23. c4 Nb4 24. Re5 1-0

[Event "Kölner SK Dr. Lasker 1 - SF Schwerte 1"]
[Site "NRW-Klasse, Gruppe 2 2010/201"]
[Date "2011.01.09"]
[Round "5.5"]
[White "Vicktor, Christian"]
[Black "Beeker, Detlef"]
[Result "1-0"]
[WhiteElo "2000"]
[BlackElo "2235"]
[Annotator "Hausrath,Daniel"]
[PlyCount "69"]
[EventDate "2011.??.??"]

1. d4 Nf6 2. c4 g6 3. Nc3 Bg7 4. e4 d6 5. f3 Nc6 6. Be3 a6 7. Bd3 e5 8. d5 Nd4
9. Nge2 Nxe2 10. Qxe2 Nh5 11. Qd2 O-O 12. O-O-O Bd7 13. Kb1 Qb8 14. c5 dxc5 15.
Bxc5 Rd8 16. Bc2 Be8 17. Bb3 b6 18. Be7 Rd7 19. Bg5 c5 20. Bh6 b5 21. Bxg7 Kxg7
22. Qe3 c4 23. Bc2 Qd6 24. Ne2 Re7 25. b3 a5 26. bxc4 bxc4 27. Ka1 Rb7 28. Rb1
Rb4 29. a3 Nf6 30. Rb2 Rxb2 31. Kxb2 Nd7 32. Ka2 Nc5 33. Rb1 a4 34. Rb4 Nb3 35.
Qc3 {Zü} 1-0

[Event "Kölner SK Dr. Lasker 1 - SF Schwerte 1"]
[Site "NRW-Klasse, Gruppe 2 2010/201"]
[Date "2011.01.09"]
[Round "5.6"]
[White "Mews, Bernhard"]
[Black "Zarges, Stephan"]
[Result "1/2-1/2"]
[WhiteElo "2049"]
[BlackElo "2136"]
[PlyCount "117"]
[EventDate "2011.??.??"]

1. e4 e5 2. Nf3 Nc6 3. d4 exd4 4. Nxd4 Bc5 5. Nxc6 Qf6 6. Qf3 bxc6 7. Nd2 d6 8.
Nb3 Bb6 9. a4 a5 10. Bd2 Qxf3 11. gxf3 Nf6 12. Rg1 O-O 13. Bh6 Ne8 14. Be3 f5
15. Bxb6 cxb6 16. Rd1 Rf6 17. Nd4 fxe4 18. fxe4 Bd7 19. Rg3 Rh6 20. h3 Nf6 21.
Re3 Re8 22. Bg2 Rh4 23. Nf5 Bxf5 24. exf5 Rxe3+ 25. fxe3 d5 26. b3 Rh5 27. e4
dxe4 28. Rd6 Rxf5 29. Rxc6 Nd5 30. Re6 Rf6 31. Rxe4 Nf4 32. Bf1 Kf8 33. Re3 g5
34. Kd2 Rd6+ 35. Ke1 Kf7 36. c3 Kf6 37. Re8 Kf5 38. Re7 h6 39. Re8 Re6+ 40.
Rxe6 Nxe6 41. b4 Ke4 42. Kf2 Nf4 43. Kg3 h5 44. Bb5 Ke5 45. Ba6 Nd5 46. bxa5
bxa5 47. c4 Nf6 48. Bb5 Kd4 49. Kf3 Ne4 50. Be8 g4+ 51. hxg4 hxg4+ 52. Kf4 g3
53. Kf3 g2 54. Kxg2 Kxc4 55. Kf3 Nc5 56. Ke2 Kc3 57. Kd1 Kb2 58. Bc6 Ne6 59.
Be8 1/2-1/2

[Event "Kölner SK Dr. Lasker 1 - SF Schwerte 1"]
[Site "NRW-Klasse, Gruppe 2 2010/201"]
[Date "2011.01.09"]
[Round "5.7"]
[White "Duerwald, Martin"]
[Black "Eckler, Klaus"]
[Result "1-0"]
[WhiteElo "2032"]
[BlackElo "2030"]
[PlyCount "111"]
[EventDate "2011.??.??"]

1. e4 e6 2. d4 d5 3. e5 c5 4. c3 Nc6 5. a3 f6 6. Bd3 g6 7. Nf3 fxe5 8. dxe5 Qc7
9. O-O Bd7 10. Bf4 Bg7 11. Re1 Nh6 12. Nbd2 Rf8 13. Bg5 Nf7 14. Bf6 Bxf6 15.
exf6 O-O-O 16. Bb5 Rde8 17. c4 Qf4 18. Qc2 Qxf6 19. cxd5 exd5 20. Qxc5 Qd6 21.
Qc3 Kb8 22. Nb3 g5 23. Nc5 g4 24. Nd4 Nfd8 25. Rac1 Bc8 26. Bxc6 Nxc6 27. Rxe8
Rxe8 28. Na6+ bxa6 29. Nxc6+ Ka8 30. g3 Bb7 31. Na5 d4 32. Nxb7 Kxb7 33. Qb3+
Ka8 34. Rd1 Rd8 35. Qf7 h6 36. Qf5 d3 37. Qxg4 d2 38. Kg2 Rf8 39. Qe4+ Kb8 40.
Qb4+ Qxb4 41. axb4 Rd8 42. Kf3 Rd4 43. Ke3 Rxb4 44. Rxd2 Kc7 45. f4 h5 46. Kf3
a5 47. f5 a4 48. h3 h4 49. g4 Rb3+ 50. Kf4 Rxh3 51. f6 Rh1 52. Kg5 Rf1 53. Kg6
h3 54. f7 h2 55. Rxh2 Kd7 56. Re2 1-0

[Event "Kölner SK Dr. Lasker 1 - SF Schwerte 1"]
[Site "NRW-Klasse, Gruppe 2 2010/201"]
[Date "2011.01.09"]
[Round "5.8"]
[White "Diesner, Michael"]
[Black "Vorschuetz, Stefan"]
[Result "1-0"]
[WhiteElo "2045"]
[BlackElo "2010"]
[PlyCount "86"]
[EventDate "2011.??.??"]

1. Nf3 Nf6 2. g3 b6 3. Bg2 Bb7 4. O-O e6 5. d3 c5 6. e4 d6 7. c3 Be7 8. a3 O-O
9. Re1 Nbd7 10. Nbd2 Qc7 11. b3 Rac8 12. Bb2 Qb8 13. Nf1 Rfd8 14. h3 Nf8 15.
Qd2 Ng6 16. Rad1 Nd7 17. N3h2 Qa8 18. f4 d5 19. e5 b5 20. d4 Nb6 21. Ne3 Nf8
22. f5 cxd4 23. cxd4 Rd7 24. f6 gxf6 25. exf6 Bxf6 26. Neg4 Bg7 27. Qg5 Kh8 28.
Nf6 Rdc7 29. Bc1 Nbd7 30. Nh5 Ng6 31. Nxg7 Kxg7 32. h4 Kh8 33. h5 Ngf8 34. Ng4
f6 35. Nxf6 Nxf6 36. Qxf6+ Kg8 37. Bh6 Rf7 38. Qg5+ Kh8 39. Qe5+ Kg8 40. Rf1
Rcc7 41. Rxf7 Rxf7 42. Rf1 Qe8 43. Rf4 Rxf4 1-0

[Event "SF Monheim 1 - SC Klein-Berlin Rheine 1"]
[Site "NRW-Klasse, Gruppe 2 2010/201"]
[Date "2011.01.30"]
[Round "6.1"]
[White "van Assendelft, Floris"]
[Black "Weber, Peter"]
[Result "1-0"]
[WhiteElo "2357"]
[BlackElo "2201"]
[PlyCount "71"]
[EventDate "2011.??.??"]

1. e4 Nf6 2. e5 Nd5 3. d4 d6 4. c4 Nb6 5. exd6 cxd6 6. Nc3 g6 7. Be3 Bg7 8. b3
O-O 9. Be2 e5 10. Nf3 Nc6 11. Rc1 Bg4 12. dxe5 dxe5 13. O-O Qxd1 14. Rfxd1 Rfd8
15. h3 Bf5 16. g4 Be6 17. Ng5 Nd4 18. Nxe6 fxe6 19. Bf1 Nd7 20. Bg2 Rab8 21.
Kf1 a5 22. Bg5 Rdc8 23. Be7 Bf8 24. Bxf8 Rxf8 25. Ne2 Nxe2 26. Kxe2 Nc5 27. Rc2
Rf4 28. Ke3 Rbf8 29. Rd6 e4 30. Rcd2 Kg7 31. Kd4 Nd3 32. Rxe6 Ne1 33. Bh1 Rxf2
34. Rxf2 Rxf2 35. Bxe4 Rxa2 36. g5 1-0

[Event "SF Monheim 1 - SC Klein-Berlin Rheine 1"]
[Site "NRW-Klasse, Gruppe 2 2010/201"]
[Date "2011.01.30"]
[Round "6.2"]
[White "Homuth, Wolfgang"]
[Black "Ottens, Stephan"]
[Result "1/2-1/2"]
[WhiteElo "2200"]
[BlackElo "2162"]
[PlyCount "53"]
[EventDate "2011.??.??"]

1. e4 c5 2. c3 d6 3. d4 Nf6 4. Bd3 Nc6 5. Nf3 Bg4 6. d5 Ne5 7. Nxe5 dxe5 8.
Qxg4 Nxg4 9. Bb5+ Qd7 10. Bxd7+ Kxd7 11. Na3 e6 12. dxe6+ Kxe6 13. f3 Nf6 14.
Ke2 Be7 15. Be3 Rhc8 16. Rhd1 c4 17. Nc2 Nd7 18. Rd5 Nc5 19. Bxc5 Bxc5 20. Rad1
Rc7 21. Ne3 Bxe3 22. Rd6+ Ke7 23. Kxe3 Rb8 24. R6d5 f6 25. h4 b5 26. a3 a5 27.
f4 1/2-1/2